Sports Quiz

Random Sports or Baseball Quiz

2010 World Series Rosters Quiz Stats

 Plays Quiz not verified by Sporcle

Score 0/50 Timer 08:00
0 Plays Today
% Correct
Brian Wilson
91.5%
Tim Lincecum
90.8%
C.J. Wilson
89.8%
Buster Posey
85.4%
Josh Hamilton
84%
Matt Cain
84%
Jonathan Sanchez
82%
Freddy Sanchez
81.3%
Aubrey Huff
79.6%
Michael Young
78.6%
Cliff Lee
77.9%
Pablo Sandoval
76.5%
Bengie Molina
75.2%
Elvis Andrus
73.1%
Edgar Renteria
72.1%
Nelson Cruz
71.8%
Vladimir Guerrero
71.4%
Juan Uribe
71.4%
Cody Ross
70.1%
Ian Kinsler
69.7%
Neftali Feliz
69%
Madison Bumgarner
66%
Pat Burrell
65.3%
Andres Torres
64.6%
Aaron Rowand
58.2%
% Correct
Colby Lewis
54.8%
Mitch Moreland
53.7%
Javier Lopez
48%
Eli Whiteside
46.3%
David Murphy
44.9%
Jeremy Affeldt
44.9%
Sergio Romo
43.5%
Tommy Hunter
40.5%
Travis Ishikawa
40.1%
Nate Schierholtz
39.1%
Darren Oliver
37.8%
Mike Fontenot
36.7%
Darren O'Day
35.4%
Derek Holland
34.7%
Matt Treanor
34.7%
Ramon Ramirez
32.3%
Santiago Casilla
32%
Julio Borbon
31%
Jorge Cantu
30.3%
Jeff Francoeur
28.6%
Guillermo Mota
27.2%
Alexi Ogando
26.5%
Andres Blanco
24.1%
Mark Lowe
18%
Michael Kirkman
12.2%

You're not logged in!

Compare scores with friends on all Sporcle quizzes.
OR
Log In

Show Comments

Extras

Top Quizzes Today


Score Distribution

Your Account Isn't Verified!

In order to create a playlist on Sporcle, you need to verify the email address you used during registration. Go to your Sporcle Settings to finish the process.

Report this User

Report this user for behavior that violates our Community Guidelines.

Details: